000 00661nam a2200253Ia 4500
003 OSt
005 20221005031459.0
006 a|||||r|||| 00| 0
007 ta
008 221004b |||||||| |||| 00| 0 tam d
020 _c25.00
024 _a64784
037 _cTextual
040 _aCRL
_cCRL
_btam
041 _2tam
_atam
082 _aO31:g, N6
100 _aRajagopalan Sarla Au.
_9583795
245 0 _aIlakkiya Sindhanaigal
260 _aChennai
_bAnbu Pathippakam India
_c1996
300 _a120p.
_ccm.
650 _aTAMIL LITERATURE
942 _hO31:g, N6
_cTEXL
_2cc
999 _c937854
_d937854